[Event "AUTO-MASTER-3215"]
[Site "http://www.queenalice.com/game.php?id=1836321"]
[Date "2024.5.4"]
[Round "1"]
[White "pomar"]
[Black "MarcoCarvalho"]
[Result "0-1"]
[WhiteElo "1918"]
[BlackElo "2157"]

1. f3 e5 2. Kf2 d5 3. e3 Nc6 4. g3 Bc5 5. Bb5 Qf6 6. c4 d4 7. a3 a6 8. Bxc6+
Qxc6 9. b4 dxe3+ 10. dxe3 Ba7 11. Nd2 Nf6 12. Ne2 Bh3 13. g4 Nxg4+ 14. Kg3 Nxe3
15. Qb3 Qg6+ 16. Kxh3 Qg2+ 17. Kh4 Nf5+ 18. Kh5 g6# 0-1

[Event "AUTO-OPEN-4525"]
[Site "http://www.queenalice.com/game.php?id=1845508"]
[Date "2024.10.16"]
[Round "2"]
[White "MarcoCarvalho"]
[Black "cerenzo72"]
[Result "1-0"]
[WhiteElo "2199"]
[BlackElo "2094"]

1. e4 e5 2. Nf3 d6 3. d4 exd4 4. Nxd4 Nf6 5. Nc3 Be7 6. Be2 O-O 7. O-O c5 8. Nf5
Bxf5 9. exf5 Qd7 10. g4 d5 11. g5 Ne4 12. Nxd5 Bxg5 13. Bxg5 Nxg5 14. Qd3 Nh3+
15. Qxh3 Qxd5 16. Bf3 Qd7 17. Rad1 Qe7 18. Rfe1 Qg5+ 19. Qg3 Qxg3+ 20. hxg3 Nc6
21. Rd7 Nd4 22. Bxb7 Rab8 23. c3 Nxf5 24. Re5 g6 25. Rxc5 Ng7 26. Ra5 Ne6 27.
Rxa7 Nc5 28. Rc7 Nxb7 29. Rcxb7 1-0

[Event "AUTO-OPEN-4525"]
[Site "http://www.queenalice.com/game.php?id=1845509"]
[Date "2024.10.16"]
[Round "2"]
[White "cerenzo72"]
[Black "MarcoCarvalho"]
[Result "0-1"]
[WhiteElo "2041"]
[BlackElo "2193"]

1. e4 c5 2. Nc3 Nc6 3. Nf3 d6 4. d4 cxd4 5. Nxd4 e5 6. Nb3 Nf6 7. Bg5 Be7 8. Bc4
O-O 9. O-O Bg4 10. Qd3 Nb4 11. Qd2 Rc8 12. Bd3 Be6 13. f4 exf4 14. Bxf4 d5 15.
exd5 Nfxd5 16. Nxd5 Qxd5 17. Rfd1 Nxd3 18. cxd3 Bf6 19. d4 Rfe8 20. Nc5 Bg4 21.
Be5 Bxe5 22. Qg5 Bxd4+ 0-1

[Event "AUTO-ELITE-2565"]
[Site "http://www.queenalice.com/game.php?id=1849654"]
[Date "2025.1.2"]
[Round "1"]
[White "grotegeest"]
[Black "MarcoCarvalho"]
[Result "1-0"]
[WhiteElo "2565"]
[BlackElo "2133"]

1. e4 c5 2. Nf3 e6 3. d4 cxd4 4. Nxd4 Nf6 5. Nc3 Nc6 6. Ndb5 d6 7. Bf4 e5 8. Bg5
a6 9. Na3 b5 10. Bxf6 gxf6 11. Nd5 f5 12. Bd3 Be6 13. O-O Bxd5 14. exd5 Ne7 15.
Re1 Bg7 16. c3 Qd7 17. Nc2 O-O 18. Bf1 Rac8 19. a4 Rc5 20. Nb4 1-0

[Event "AUTO-ELITE-2565"]
[Site "http://www.queenalice.com/game.php?id=1849655"]
[Date "2025.1.2"]
[Round "1"]
[White "MarcoCarvalho"]
[Black "grotegeest"]
[Result "0-1"]
[WhiteElo "2134"]
[BlackElo "2563"]

1. e4 c5 2. Nf3 d6 3. Bb5+ Nd7 4. a4 Nf6 5. Nc3 g6 6. O-O Bg7 7. h3 O-O 8. Bc4
b6 9. d3 a6 10. Nd5 Bb7 11. Re1 e6 12. Nxf6+ Nxf6 13. Ba2 b5 14. c3 h6 15. Be3
Qc7 0-1

[Event "AUTO-OPEN-4525"]
[Site "http://www.queenalice.com/game.php?id=1850192"]
[Date "2025.1.11"]
[Round "3"]
[White "MarcoCarvalho"]
[Black "josebaron"]
[Result "0-1"]
[WhiteElo "2165"]
[BlackElo "2198"]

1. e4 e5 2. Nf3 Nc6 3. Bb5 d6 4. O-O Nf6 5. d4 exd4 6. Qxd4 Bd7 7. Qd3 Ne5 8.
Nxe5 dxe5 9. Be3 Bd6 10. Rd1 O-O 11. Nc3 a6 12. Bxd7 Qxd7 13. Nd5 Nxd5 14. Qxd5
Qc6 15. Qxc6 bxc6 16. Rd3 c5 17. b3 a5 18. Rc3 f5 19. exf5 Rxf5 20. Bxc5 e4 0-1

[Event "AUTO-OPEN-4525"]
[Site "http://www.queenalice.com/game.php?id=1850193"]
[Date "2025.1.11"]
[Round "3"]
[White "josebaron"]
[Black "MarcoCarvalho"]
[Result "1-0"]
[WhiteElo "2179"]
[BlackElo "2145"]

1. e4 c5 2. Nf3 d6 3. Bb5+ Nc6 4. Bxc6+ bxc6 5. O-O e5 6. c4 Be7 7. d3 f5 8.
exf5 Bxf5 9. Nc3 Nf6 10. Re1 O-O 11. a4 Nd7 12. a5 Bg4 13. h3 Bxf3 14. gxf3 Bg5
15. Ne4 Bxc1 16. Rxc1 Qh4 17. Kg2 Qe7 18. b4 cxb4 19. Qa4 Qf7 20. Qxc6 Qxf3+ 21.
Kg1 Nc5 22. Re3 Qf4 23. Rc2 Nxe4 24. dxe4 Rad8 25. Qb7 h5 26. Qxa7 Ra8 27. Qb6
Rf6 28. c5 Rg6+ 29. Kh1 h4 30. Qxb4 d5 31. Qe1 d4 32. Rb3 Rxa5 33. Qxa5 1-0

[Event "AUTO-OPEN-4525"]
[Site "http://www.queenalice.com/game.php?id=1850194"]
[Date "2025.1.11"]
[Round "3"]
[White "MarcoCarvalho"]
[Black "bmax"]
[Result "1-0"]
[WhiteElo "2132"]
[BlackElo "2284"]

1. e4 c6 2. d4 d5 3. e5 Bf5 4. Nf3 e6 5. Be2 c5 6. O-O Nc6 7. c3 cxd4 8. cxd4
Bb4 9. a3 Ba5 10. Nc3 Nge7 11. Nb5 O-O 12. Nd6 Be4 13. Nxb7 Qc7 14. Nxa5 Nxa5
15. Bd2 Nc4 16. Rc1 Qb7 17. Bb4 Nxb2 18. Qd2 Nc4 19. Qa2 Rfc8 20. Nd2 Nxd2 21.
Qxd2 Rxc1 22. Rxc1 Nf5 23. f3 Qb6 24. Bc5 Qb3 25. fxe4 dxe4 26. Bc4 Qb8 27. Qc2
Qd8 28. Qxe4 g6 29. g4 Ne7 30. Bxe7 Qxe7 31. Qxa8+ Kg7 32. Qf3 1-0

[Event "AUTO-OPEN-4525"]
[Site "http://www.queenalice.com/game.php?id=1850195"]
[Date "2025.1.11"]
[Round "3"]
[White "bmax"]
[Black "MarcoCarvalho"]
[Result "0-1"]
[WhiteElo "2259"]
[BlackElo "2160"]

1. d4 Nf6 2. Bf4 g6 3. e3 Bg7 4. Nf3 O-O 5. h3 c5 6. c3 d6 7. Nbd2 cxd4 8. exd4
Nc6 9. Be2 e5 10. dxe5 dxe5 11. Nxe5 Nd5 12. Nxc6 bxc6 13. Bg3 Re8 14. O-O Bxc3
15. Qc2 Bf5 16. Bd3 Bxd3 17. Qxd3 Bxd2 18. Qxd2 Qf6 19. Rac1 h5 20. Rce1 Red8
21. Be5 Qf5 22. Qc1 Rac8 23. Bd4 Nf4 24. Be3 Nd3 25. Qb1 Nxe1 26. Qxf5 gxf5 27.
Rxe1 c5 28. b3 c4 29. bxc4 Rxc4 30. Bxa7 Ra8 31. Bb6 Rxa2 32. Re5 Rb4 33. Bc5
Rb1+ 34. Kh2 Rb5 0-1

[Event "AUTO-ELITE-2566"]
[Site "http://www.queenalice.com/game.php?id=1850208"]
[Date "2025.1.11"]
[Round "1"]
[White "trompmaster"]
[Black "MarcoCarvalho"]
[Result "0-1"]
[WhiteElo "2348"]
[BlackElo "2185"]

1. Nf3 c5 2. c4 Nc6 3. Nc3 Nf6 4. g3 e6 5. Bg2 d5 6. cxd5 exd5 7. d4 cxd4 8.
Nxd4 Bc5 9. Nb3 Bb6 10. O-O d4 11. Na4 O-O 12. Nxb6 axb6 13. Qd3 Re8 14. Rd1 Ra4
15. Bf4 Nh5 16. e3 Nxf4 17. exf4 g6 18. Be4 Bg4 19. Re1 Be6 20. a3 Bc4 21. Qf3
Bb5 22. Bd3 Rxe1+ 23. Rxe1 Bxd3 24. Qxd3 Qd5 25. Nc1 Kg7 26. Qd1 Ra8 27. Nd3 Rd8
28. f3 b5 29. Re4 Na5 30. Re5 Qd7 31. b3 Nc6 32. Rxb5 Ne7 33. Re5 Nf5 34. Nb4
Ne3 35. Qd2 h5 36. a4 b6 37. Re4 h4 38. g4 f5 39. gxf5 gxf5 40. Re5 Qd6 41. Kh1
h3 42. Qc1 d3 43. Qg1+ Ng2 44. Rd5 Qf6 45. Rxd3 Kf8 46. Nd5 Qb2 47. Rd1 Rd6 48.
Nxb6 Rxd1 49. Qxd1 Nxf4 50. Qf1 Nd3 51. Nd7+ Ke7 52. Nb8 Kf7 53. a5 Qxb3 54. a6
Qc4 55. Qb1 Qe6 56. Qf1 Qe8 57. a7 Qa4 58. Nd7 Qxa7 59. Ne5+ Nxe5 60. Qxh3 Qa1+
61. Kg2 Qa2+ 62. Kg3 Kg6 63. Qf1 Qd2 64. Qb5 f4+ 65. Kh3 Qe3 66. Qe8+ Kf6 67.
Qf8+ Ke6 68. Qe8+ Kd5 69. Qa8+ Kd4 70. Qa1+ Kd3 71. Qd1+ Qd2 72. Qa1 Nxf3 73.
Kg4 Nxh2+ 74. Kf5 f3 75. Qa6+ Kc2 76. Qa7 Qd3+ 77. Kg5 Qd2+ 78. Kf5 f2 79. Qa2+
Kd1 80. Qb1+ Ke2 81. Qe4+ Qe3 82. Qc2+ Kf1 83. Qe4 Qxe4+ 84. Kxe4 Ke2 0-1

[Event "AUTO-ELITE-2566"]
[Site "http://www.queenalice.com/game.php?id=1850214"]
[Date "2025.1.11"]
[Round "1"]
[White "MarcoCarvalho"]
[Black "raulzampronha"]
[Result "0-1"]
[WhiteElo "2194"]
[BlackElo "2225"]

1. e4 c5 2. c3 Nf6 3. e5 Nd5 4. d4 cxd4 5. cxd4 d6 6. Nf3 Nc6 7. Bc4 Nb6 8. Bb3
dxe5 9. Nxe5 Nxe5 10. dxe5 Qxd1+ 11. Bxd1 e6 12. Nc3 Bd7 13. Bf3 O-O-O 0-1

[Event "AUTO-ELITE-2566"]
[Site "http://www.queenalice.com/game.php?id=1850215"]
[Date "2025.1.11"]
[Round "1"]
[White "raulzampronha"]
[Black "MarcoCarvalho"]
[Result "0-1"]
[WhiteElo "2100"]
[BlackElo "2175"]

1. d4 Nf6 2. Nf3 g6 3. c4 Bg7 4. g3 c6 5. Bg2 O-O 6. O-O d5 7. Nc3 dxc4 8. Ne5
Be6 9. e4 Nbd7 10. f4 Qb6 11. Nxd7 Bxd7 12. Kh1 Rad8 13. e5 Bg4 14. Qa4 Nd5 15.
Qxc4 Be6 16. Nxd5 Rxd5 17. Be3 Qxb2 18. Qc1 Qxc1 19. Rfxc1 Ra5 20. Rc2 Ra3 21.
Bc1 Rd3 22. Bb2 f6 23. Be4 Re3 24. Bg2 Rd8 25. Kg1 fxe5 26. dxe5 Bf5 27. Rc3
Rxc3 28. Bxc3 Bf8 29. Be1 Rd7 30. Bf2 a5 31. Be3 Rd3 32. Bb6 a4 33. Bf1 Rd2 0-1

[Event "AUTO-ELITE-2567"]
[Site "http://www.queenalice.com/game.php?id=1850618"]
[Date "2025.1.20"]
[Round "1"]
[White "MarcoCarvalho"]
[Black "Diemerlin"]
[Result "1/2-1/2"]
[WhiteElo "2207"]
[BlackElo "2226"]

1. e4 d6 2. d4 Nf6 3. Nc3 g6 4. Be2 Bg7 5. h3 O-O 6. Be3 c5 7. Nf3 cxd4 8. Nxd4
d5 9. exd5 Nxd5 10. Nxd5 Qxd5 11. O-O Nc6 12. Bf3 Qc4 13. b3 Qc3 14. Nxc6 bxc6
15. Rb1 Bf5 16. Qe1 Qxc2 17. Qa5 Qc3 18. Qxc3 Bxc3 19. Rbc1 Bb4 20. Rxc6 a5 21.
g4 Bc8 22. Rc7 Bd6 23. Rcc1 Rb8 24. Bc5 Bb7 25. Bxb7 Rxb7 26. Bxd6 exd6 27. Rfd1
a4 28. bxa4 Rb4 29. Rxd6 Rxa4 30. Rc2 Rfa8 31. Kg2 Rxa2 32. Rxa2 Rxa2 33. Kg3
Kg7 34. f3 Ra7 35. Rd5 h6 36. h4 Ra4 37. h5 Ra3 38. hxg6 Kxg6 39. Rh5 Kg7 40.
Rf5 Kg6 41. Rd5 Kg7 42. Rd2 Kg6 43. Rd5 1/2-1/2

[Event "AUTO-ELITE-2567"]
[Site "http://www.queenalice.com/game.php?id=1850619"]
[Date "2025.1.20"]
[Round "1"]
[White "Diemerlin"]
[Black "MarcoCarvalho"]
[Result "1/2-1/2"]
[WhiteElo "2254"]
[BlackElo "2206"]

1. d4 Nf6 2. Bf4 c5 3. dxc5 Na6 4. e4 Nxe4 5. Bxa6 Qa5+ 6. b4 Qxb4+ 7. c3 Qb2 8.
Qe2 Qxa1 9. Qxe4 bxa6 10. Nf3 f5 11. Qxa8 Qxb1+ 12. Kd2 Qb2+ 13. Kd3 Qb5+ 14.
Kd2 Qb2+ 15. Kd3 Qb5+ 16. Kd2 Qb7 17. Qxb7 Bxb7 18. Rb1 Bxf3 19. gxf3 Rg8 20.
Kd3 g5 21. Bd2 e6 22. Be3 Be7 23. Rb8+ Kf7 24. Rb7 e5 25. Rxd7 Rd8 26. Rxd8 Bxd8
27. c6 Ke6 28. c7 Bxc7 29. Bxg5 Bb6 30. Be3 Kd5 31. c4+ Kc6 32. Kc3 a5 33. a4 f4
34. Bxb6 axb6 35. Kd3 Kc5 36. Kc3 h6 37. h3 h5 38. h4 Kc6 39. Kb3 Kd6 40. Kc2
Kc5 1/2-1/2

[Event "AUTO-ELITE-2567"]
[Site "http://www.queenalice.com/game.php?id=1850620"]
[Date "2025.1.20"]
[Round "1"]
[White "MarcoCarvalho"]
[Black "raulzampronha"]
[Result "0-1"]
[WhiteElo "2183"]
[BlackElo "2236"]

1. e4 c5 2. Nf3 d6 3. Nc3 Nc6 4. Bc4 Nf6 5. d4 cxd4 6. Nxd4 e6 7. Be3 a6 8. O-O
Be7 9. Bb3 O-O 10. f4 Qc7 11. f5 Nxd4 0-1

[Event "AUTO-ELITE-2567"]
[Site "http://www.queenalice.com/game.php?id=1850621"]
[Date "2025.1.20"]
[Round "1"]
[White "raulzampronha"]
[Black "MarcoCarvalho"]
[Result "0-1"]
[WhiteElo "2102"]
[BlackElo "2149"]

1. d4 Nf6 2. c4 g6 3. Nc3 Bg7 4. e4 d6 5. Nf3 Bg4 6. Be2 O-O 7. O-O Bxf3 8. Bxf3
e5 9. Be3 exd4 10. Bxd4 Nc6 11. Be3 Re8 12. Qc2 Nd7 13. Rad1 Bxc3 14. Qxc3 Qf6
15. Qc2 Nc5 16. Rfe1 a5 17. a3 a4 18. Bxc5 dxc5 19. e5 Nxe5 20. Be2 Nc6 21. Qc3
Qxc3 22. bxc3 Na5 23. Bf1 Rxe1 24. Rxe1 Kf8 25. f4 Rd8 0-1

[Event "AUTO-ELITE-2568"]
[Site "http://www.queenalice.com/game.php?id=1851484"]
[Date "2025.2.2"]
[Round "1"]
[White "trompmaster"]
[Black "MarcoCarvalho"]
[Result "1/2-1/2"]
[WhiteElo "2346"]
[BlackElo "2202"]

1. d4 Nf6 2. Nf3 g6 3. c4 Bg7 4. e3 O-O 5. Be2 c5 6. d5 d6 7. Nc3 e6 8. e4 exd5
9. cxd5 Re8 10. Nd2 Nbd7 11. O-O a6 12. a4 Rb8 13. Qc2 Ne5 14. b3 Bg4 15. Bxg4
Nexg4 16. h3 Ne5 17. Bb2 b5 18. f4 Ned7 19. axb5 axb5 20. g3 Rb7 21. Rfe1 Nb6
22. Nxb5 Nbxd5 23. Nxd6 Qxd6 24. Nc4 Qb8 25. exd5 Rxe1+ 26. Rxe1 Rxb3 27. Be5
Rxg3+ 28. Kh2 Qb3 29. Qxb3 Rxb3 30. Ra1 Ne4 31. Ra8+ Bf8 32. Nd6 Nc3 33. Kg2
Nxd5 34. Ne4 Ne3+ 35. Kf2 Nc4 36. Bf6 Ra3 37. Rd8 Ra2+ 38. Kg1 Ra7 39. Rb8 Na5
40. Nxc5 Nc6 41. Rc8 Ne7 42. Rd8 Nc6 43. Re8 Rc7 44. Ne4 h5 45. f5 Ne7 46. Bb2
Rc8 47. Nf6+ Kg7 48. Nd7+ f6 49. Rxc8 Nxc8 50. Nxf6 Bc5+ 51. Kg2 Kf7 52. Ne4 Be7
53. f6 Bd6 54. Ng5+ Ke8 55. Kf3 Bh2 56. Ba3 Bd6 57. Bxd6 Nxd6 58. Ke3 Nf7 59.
Kf4 Kf8 60. Ne6+ Ke8 61. Ng5 Kf8 62. Ne6+ Ke8 63. h4 Kd7 64. Ng5 Nd6 65. Ke5 Nf5
66. Nh7 Ke8 67. Ng5 Kd7 68. Nh7 Nh6 69. Kf4 Nf7 70. Nf8+ Kd6 71. Nxg6 Ke6 72.
Ne7 Kxf6 73. Nd5+ Ke6 74. Ne3 Kf6 75. Nc4 Nh8 76. Ne3 Ng6+ 77. Kg3 Nxh4 78. Kxh4
Ke5 79. Kxh5 Ke4 1/2-1/2

[Event "AUTO-ELITE-2568"]
[Site "http://www.queenalice.com/game.php?id=1851485"]
[Date "2025.2.2"]
[Round "1"]
[White "MarcoCarvalho"]
[Black "trompmaster"]
[Result "0-1"]
[WhiteElo "2146"]
[BlackElo "2512"]

1. e4 d6 2. d4 Nf6 3. Nc3 Nbd7 4. f4 e5 5. Be3 Be7 6. Qf3 exf4 7. Bxf4 Nf8 8. e5
N6d7 9. exd6 cxd6 10. Bd3 Nf6 11. Nge2 Ng6 12. O-O O-O 13. Rae1 d5 14. Bg5 Bg4
15. Qg3 Bxe2 16. Rxe2 Nh5 17. Qh3 Bxg5 18. Qxh5 h6 19. g3 Bf6 20. Nxd5 Bxd4+ 21.
Kg2 Re8 0-1